Language Quiz

Random Language or Sporcle Quiz

Sporcle Vocab Quiz Stats

 Plays Quiz Updated Feb 17, 2018

Challenge
Share
Tweet
Embed
Score 0/15 Timer 01:30
4 Plays Today
% Correct
Sporcle
94.9%
Mental
94.7%
Perfect
94.6%
Badge
94.6%
Kyrgyzstan
94.4%
Publish
94.3%
Answer
94.2%
Challenge
94%
% Correct
Orange
93.8%
Geography
93.5%
Quiz
93.3%
Diversion
91.8%
Map
91.4%
Play
88.8%
Trivia
83.8%

You're not logged in!

Compare scores with friends on all Sporcle quizzes.
Join for Free
OR
Log In

You Might Also Like...

Show Comments

Extras

Top Quizzes Today


Score Distribution

Your Account Isn't Verified!

In order to create a playlist on Sporcle, you need to verify the email address you used during registration. Go to your Sporcle Settings to finish the process.

Report this User

Report this user for behavior that violates our Community Guidelines.

Details: